000 00749 a2200193 4500
003 NUST
005 20251125165910.0
040 _cNust
082 _a621.382,HAS
100 _aNC Hasan,Waseem (TCC-20)
_9132090
245 _aWireless Transmission Of Audio Via Bluetooth /
_cNC Waseem Hassan, PC Muhammad Abdullah, Nc Muhammad Shaheer Nawaz and NC Hadier Wazir Khan
260 _aRawalpindi
_bMCS (NUST)
_c2012
300 _aviii,34 p.;
505 _aIntroduction (Page-1), Literature Review (Page-4), Design and Development (Page-13), Project Analysis (Page-25), Conclusion (Page-28) Bibliography (Page-34).
650 _aUG Projects
_998716
651 _aTCC-20
_9131219
700 _aSupervised by Dr. Asif Masood
_9132091
942 _cPR
_2ddc
999 _c190731
_d190731